[Event "4NCL Div 1 2018-19"]
[Site "Daventry"]
[Date "2018.11.11"]
[Round "2"]
[White "Galyas, Miklos"]
[Black "Skulte, Christopher"]
[Result "1-0"]
[WhiteElo "2495"]
[BlackElo "2110"]
[Annotator "TA"]
[PlyCount "83"]
[EventDate "2018.11.10"]
[EventType "team-tourn"]
[EventCountry "GBR"]
[SourceTitle "playchess.com"]
[Source "ChessBase"]
[SourceQuality "1"]

{[%evp 12,83,-3,6,30,31,43,24,29,9,8,10,49,49,49,52,61,61,114,107,85,71,89,92,94,93,91,63,75,88,95,59,84,79,75,50,81,48,57,56,134,125,139,133,136,137,141,139,201,201,201,201,201,199,258,238,263,205,771,595,594,580,545,529,679,677,591,516,745,754,1019,1018,1007,987]} 1. d4 d5 2. Bf4 Nf6 3. e3 e6 4. Nd2 c5 5. c3 Nc6 6. Ngf3 Nh5 7. Bg5 {LiveBook: 33 Games. D02: 1 d4 d5 2 Nf3 sidelines, including 2...Nf6 3 g3 and 2...Nf6 3 Bf4} Be7 (7... f6 {is more complex.} 8. Bh4 g6 9. Bb5 a6 10. Ba4 cxd4 11. cxd4 Be7) (7... Qc7 8. Ne5 g6 9. Nxc6 bxc6 10. Be2 Rb8 11. Rb1 h6 12. Bh4 g5 13. Bxh5 gxh4 14. O-O Bd6 {1-0 (53) Harikrishna,P (2732)-Navara,D (2727) Prague 2018}) 8. Bxe7 Qxe7 9. Bb5 {Black must now prevent Ne5.White is slightly better.} Bd7 10. Bxc6 Bxc6 11. Ne5 g6 $146 ({Predecessor:} 11... Nf6 12. Nxc6 bxc6 13. Qa4 Rc8 14. O-O O-O {½-½ (80) Gupta,A (2610)-Demidov,M (2523) chess.com INT 2018}) 12. Nxc6 bxc6 13. Qa4 $36 {[%mdl 2048] White fights for an advantage.} Rc8 14. O-O O-O ({Black should play} 14... Nf6 $14) 15. Qa3 $16 Qb7 16. Nb3 {[%cal Bd2b3,Bb3c5,Bc5a6,Ba6b4,Bb4d3][%mdl 32]} c4 17. Nc5 Qe7 18. b3 Nf6 19. Qa5 cxb3 20. axb3 Rc7 {[%cal Bc8c7,Bc7b7,Bb7b5][%mdl 32]} 21. Ra4 Ne8 22. Na6 Rb7 {And now ...Rb5 would win.} 23. Nb4 Rb5 24. Qxa7 Qxa7 25. Rxa7 c5 {[#]} (25... Nd6 $14) 26. Nd3 $1 cxd4 27. cxd4 Nd6 28. b4 {[%cal Bb3b4,Bb4b5,Bb5a6][%mdl 32]} Rc8 29. Rd7 Rc3 {[#]} (29... Rc6 $16) 30. Ne5 $1 $18 ({Inferior is} 30. Rxd6 Rxd3 31. g4 Rxb4 $11) 30... Rb6 31. h3 Rc8 32. Ra1 Rcb8 {[#]} (32... Rf8 $142 33. Ra4 Nb5) 33. b5 $1 {[%mdl 512]} R8b7 (33... Rxb5 34. Rxd6) 34. Ra6 Rxa6 $2 (34... Nxb5 35. Rxb6 Rxb6 36. Nxf7 (36. Rxf7 Nd6 $16) 36... Ra6) 35. bxa6 {White is clearly winning.} Rxd7 36. Nxd7 {[%mdl 4096] Endgame Threatening mate with a7. KN-KN} Nc8 37. g4 {[%cal Bg2g4,Bg4g5][%mdl 32]} f5 38. g5 Kf7 39. Kg2 Ke7 40. Nf6 h5 41. Kg3 Na7 42. Kh4 {Precision: White = 73%, Black = 44%.} 1-0

[Event "4NCL Div 1 2018-19"]
[Site "Daventry"]
[Date "2018.11.11"]
[Round "2"]
[White "Adair, James R"]
[Black "Haria, Ravi"]
[Result "0-1"]
[WhiteElo "2485"]
[BlackElo "2436"]
[Annotator "TA"]
[PlyCount "132"]
[EventDate "2018.11.10"]
[EventType "team-tourn"]
[EventCountry "GBR"]
[SourceTitle "playchess.com"]
[Source "ChessBase"]
[SourceQuality "1"]

{[%evp 17,132,10,35,0,0,20,25,12,13,19,24,18,7,15,76,75,132,103,156,164,158,154,149,151,147,143,153,154,157,152,160,166,147,31,27,0,29,0,0,-108,-100,-108,-101,-149,-151,-150,-150,-198,-176,-222,-225,-323,-321,-267,-160,-120,-65,-81,-81,-166,-166,-177,-161,-221,-221,-302,-336,-379,-365,-295,-274,-761,-681,-1469,-1349,-1733,-1530,-4133,-2391,-2537,-2337,-3884,-2393,-8348,-9966,-11267,-4570,-5632,-4948,-2767,-1356,-29963,-29971,-29967,-29972,-29972,-29973,-29973,-29974,-29974,-29975,-29975,-29976,-29976,-29974,-29974,-29974,-29974,-29974,-29977,-29977,-29977,-29978,-29984,-29985,-29985,-29981]} 1. d4 e6 2. c4 d5 3. Nc3 Bb4 4. a3 Bxc3+ 5. bxc3 Nf6 6. cxd5 exd5 7. e3 Bf5 8. f3 O-O 9. Ne2 Nbd7 {LiveBook: 5 Games. E27: Nimzo-Indian: Sämisch: 5...0-0 6 f3} 10. g4 {[#]} Nxg4 $1 {[%mdl 512]} 11. fxg4 Qh4+ {The position is equal.} 12. Kd2 Be4 13. Rg1 Nb6 {[%cal Rb6c4]} 14. Rg3 Nc4+ 15. Ke1 g5 $146 ({Reject} 15... Qxh2 $6 16. Rh3 $16) (15... Rae8 $11) ({Predecessor:} 15... Rae8 16. Nf4 g5 17. Nh3 {1-0 (27) Malaniuk,V (2515)-Dydyshko,V (2470) Minsk 1988}) 16. Bh3 $1 $16 f5 (16... Nd6 $142) 17. gxf5 Nd6 (17... Rae8 $142) 18. Nf4 $1 Nxf5 19. Bxf5 Rxf5 20. Qh5 Qxh5 21. Nxh5 Raf8 22. Rg1 $1 {Strongly threatening Ng3.} Rf2 23. Rxg5+ Kh8 {( -> ...Rf1+)} 24. Nf4 Rxh2 25. a4 ({Don't blunder} 25. Nxd5 $2 Rh1+ 26. Ke2 h6 $19) (25. Rh5 $1 $16 {[%cal Rh5h2]} Rxh5 26. Nxh5) 25... Rg8 $1 $14 {[%cal Rg8g5]} 26. Rxg8+ Kxg8 27. a5 (27. Ne6 {looks sharper.} h5 28. Nc5 Bg6 29. Kf1 h4 30. Kg1) 27... h5 28. Nxh5 (28. Ra3 $11 {keeps the balance.}) 28... Rxh5 $11 {[%mdl 4096] Endgame KRB-KRB} 29. Kf2 Rg5 30. Ba3 Rg2+ $1 31. Kf1 {[#]} Rh2 $1 {[%cal Rh2h1] Threatens to win with ...Rh1+.} 32. Re1 Ra2 33. Bb4 b6 34. Rd1 (34. Rc1 $142) 34... bxa5 $19 35. Bc5 a6 ({Black should play} 35... a4 $19 {...a3 is the strong threat.} 36. c4 dxc4) 36. Ke1 $17 Rc2 ({Better is} 36... Kg7 $17 37. Rd2 Ra1+ 38. Rd1 Ra4) 37. Rd2 Rxc3 38. Ke2 {[#]} (38. Ra2 $17) 38... Bc2 $1 $19 39. Kf3 Kf7 40. Kf4 (40. Rf2 $142) 40... Ke6 41. e4 dxe4 ({But not} 41... Bxe4 42. Ra2 $17) 42. d5+ Kd7 43. Bd4 Rd3 44. Rxc2 $2 (44. Be3 Rc3 45. Bd4 Rf3+ 46. Ke5) 44... Rxd4 {KR-KR} 45. Rc5 a4 46. Ke3 Rb4 47. Rc6 a5 48. Rc5 Kd6 49. Rxa5 Ke5 50. Rc5 a3 51. d6+ Kxd6 52. Ra5 c5 {[%cal Bc7c5,Bc5c4][%mdl 32]} 53. Rxa3 Kd5 (53... Ke5 $142 54. Ra8 Rb3+ 55. Ke2 Rh3) 54. Rc3 c4 {Black mates.} 55. Rc1 Rb3+ 56. Ke2 Kd4 57. Rd1+ Rd3 58. Ra1 e3 59. Ra8 Rd2+ 60. Ke1 Kd3 61. Rd8+ Kc2 62. Re8 c3 63. Rxe3 Rd8 64. Re7 Kc1 65. Re3 c2 66. Re7 Rb8 {Precision: White = 41%, Black = 72%.} 0-1

[Event "4NCL Div 1 2018-19"]
[Site "Daventry"]
[Date "2018.11.11"]
[Round "2"]
[White "Alsina Leal, Daniel"]
[Black "Speelman, Jon S"]
[Result "1/2-1/2"]
[WhiteElo "2472"]
[BlackElo "2508"]
[Annotator "TA"]
[PlyCount "89"]
[EventDate "2018.11.10"]
[EventType "team-tourn"]
[EventCountry "GBR"]
[SourceTitle "playchess.com"]
[Source "ChessBase"]
[SourceQuality "1"]

{[%evp 30,89,25,8,22,16,14,14,20,0,38,29,54,37,52,36,42,43,79,89,89,91,143,143,117,70,90,68,172,163,224,215,211,224,211,215,218,205,235,235,328,255,684,486,658,370,368,319,1029,80,80,0,0,0,0,0,0,0,0,0,0,0]} 1. e4 c6 2. d4 d5 3. Nd2 {[%cal Bb1d2,Bd2e4,Be4g5][%mdl 32]} dxe4 4. Nxe4 Nd7 5. Ng5 Ngf6 6. Bd3 e6 7. N1f3 Bd6 8. Qe2 h6 9. Ne4 Nxe4 10. Qxe4 Nf6 11. Qe2 b6 12. Bd2 Bb7 13. O-O-O Qc7 14. Ne5 O-O-O 15. f4 Nd5 {B17: Caro-Kann: Modern Line (4...Nd7)} (15... c5 16. dxc5 Bxc5 17. Kb1 Kb8 18. Rhf1 Nd5 19. c4 Nb4 20. Bxb4 Bxb4 21. Be4 Bd6 22. Bxb7 Qxb7 23. Qf3 Qxf3 24. Rxf3 Bxe5 25. Rxd8+ Rxd8 26. fxe5 {½-½ (32) Grandelius,N (2642)-Gharamian,T (2626) Germany 2017}) 16. Kb1 {LiveBook: 3 Games} f6 17. Ng6 Rhe8 {[%cal Rd5f4]} 18. Rhf1 Kb8 19. a3 Ne7 20. g4 c5 21. dxc5 Bxc5 22. Nxe7 $146 ({Predecessor:} 22. g5 Rxd3 23. Qxd3 Rd8 24. Qe2 Nxg6 25. gxf6 gxf6 26. Qxe6 Nf8 27. Qxf6 {½-½ (27) Damaceno,M (2003)-Leite,T (1931) Sao Paulo 2018}) 22... Rxe7 23. g5 hxg5 24. fxg5 f5 25. h4 g6 (25... Rf8 $142) 26. h5 $16 gxh5 27. Qxh5 Bd4 28. Qe2 Ka8 {[#]} ({Better is} 28... Bc8 $14) 29. Rde1 $1 $18 e5 (29... Rde8 $142 30. g6 Bc6) 30. Bxf5 e4 31. Be3 Bxe3 32. Qxe3 Rg8 33. g6 Qe5 34. Bg4 Kb8 35. Rf5 Qh2 $2 (35... Qd6 36. Rg5 Ka8) 36. Rf7 Rc7 37. Rxc7 Qxc7 38. Qg5 Qg3 $2 (38... Qd6 39. Bh5 Qc5 40. Qxc5 bxc5) 39. Rd1 $2 (39. Rf1 $18 {is the precise move to win.}) 39... Bc8 $16 {[#] aiming for ...Re8.} 40. g7 (40. Rf1 $1 $16 {Hoping for Qd5.} Bxg4 41. g7) 40... Qxg4 $11 {The position is equal.} 41. Qe5+ Kb7 (41... Ka8 $5 42. Qd5+ $8 Kb8 43. Qe5+ Ka8 44. Qd5+ Kb8 45. Qd6+ Ka8 46. Qd5+ $11) 42. Qd5+ Kb8 43. Qe5+ Kb7 (43... Ka8 $5 44. Qd5+ $8 Kb8 45. Qe5+ $11) 44. Qd5+ Kb8 45. Qe5+ {Precision: White = 80%, Black = 37%.} 1/2-1/2

[Event "4NCL Div 1 2018-19"]
[Site "Daventry"]
[Date "2018.11.11"]
[Round "2"]
[White "Kirk, Ezra"]
[Black "Stepanyan, Henrik"]
[Result "1-0"]
[WhiteElo "2439"]
[BlackElo "2158"]
[Annotator "TA"]
[PlyCount "139"]
[EventDate "2018.11.10"]
[EventType "team-tourn"]
[EventCountry "GBR"]
[SourceTitle "playchess.com"]
[Source "ChessBase"]
[SourceQuality "1"]

{[%evp 9,139,18,15,8,42,45,37,-14,-14,-8,5,-2,0,-1,19,0,0,0,13,-33,-25,-33,-39,-105,-125,-124,-130,-134,-131,-118,-99,-87,-12,-12,-12,-12,-13,-13,-18,-25,-3,-7,-8,-14,-14,-14,-4,-1,0,0,0,0,0,-2,0,0,7,0,0,0,0,0,0,0,15,0,0,0,0,0,49,49,49,49,49,49,49,49,70,70,86,58,71,58,214,208,450,431,431,425,557,460,583,558,642,610,690,691,683,492,823,829,29939,6900,29964,29968,29974,29974,29975,29976,29976,29976,29977,29978,29978,29978,29975,29974,29977,29978,29977,29978,29978,29979,29976,29976,29977,29974,29973,29970,29963,29940]} 1. b3 a5 2. c4 e5 $146 ({Predecessor:} 2... e6 3. Bb2 a4 4. b4 Nf6 5. a3 d5 6. e3 dxc4 7. Bxc4 Nbd7 8. Be2 Nb6 9. Nf3 Be7 {0-1 (100) Drazic,S (2559)-Savic,M (2587) Belgrade 2015}) 3. Bb2 d6 4. Nf3 g6 5. e3 Bg7 6. d4 {[%cal Rd4e5] A01: Nimzowitsch-Larsen Opening} Nd7 7. Nc3 exd4 8. Nd5 ({Better is} 8. exd4 $14 Ne7 9. Bd3) 8... Ngf6 $11 9. Qxd4 O-O 10. Rd1 Re8 11. Be2 Ne5 12. Nxf6+ Qxf6 13. Nxe5 Qxe5 14. O-O a4 15. b4 a3 16. Ba1 (16. Qxe5 $15 dxe5 17. Bc3) 16... Qxd4 $1 $17 17. Bxd4 {[#]} Ra4 $1 18. Bxg7 Kxg7 19. Rb1 Bf5 20. Bd1 Bxb1 (20... Ra7 $17 21. Rb3 Ra4) 21. Bxa4 {[%mdl 4096] Endgame KRB-KRB} Ra8 22. Bb3 Bf5 23. Rc1 Be6 24. Rc3 c5 25. b5 f5 26. Kf1 Kf6 27. Ke1 b6 28. Kd2 Bc8 29. Rd3 Ke6 30. Kc3 Bb7 31. f3 Rd8 32. Rd2 Ke5 33. f4+ Ke6 34. Bd1 Kd7 35. Bf3 Bxf3 36. gxf3 $11 {KR-KR} Re8 37. Rd3 Ke6 38. Kb3 Ra8 39. h4 h5 40. Rd5 Ra7 41. Rd2 Ra8 42. Rg2 Kf6 43. e4 fxe4 44. fxe4 Re8 45. Re2 Ra8 46. Re1 Ra7 $2 ({Black should play} 46... Rf8 $14) 47. Rd1 $18 Ke6 $2 {[#]} (47... Ke7 48. Rg1 Kf7) 48. f5+ $1 gxf5 49. exf5+ Kxf5 50. Rxd6 Rb7 51. Kxa3 Kg4 52. Kb3 Kxh4 53. Rg6 Rf7 54. Rxb6 Rf3+ (54... Kg5 $142 55. Rc6 Kg4 56. Rg6+ (56. Rxc5 h4 $18) 56... Kf4) 55. Ka4 Rc3 56. Rg6 Rxc4+ 57. Ka5 {White mates.} Rc2 58. a4 c4 59. b6 c3 60. Ka6 Rb2 61. Rc6 c2 62. b7 Kg4 63. Rc4+ Kf3 {[#]} 64. Rxc2 $1 {[%mdl 512]} Rxc2 65. b8=Q {KQ-KR} Rg2 66. Qb7+ Kg3 67. Qg7+ Kh3 68. Qd7+ Kg3 69. Qd6+ Kh3 70. Qd3+ {Precision: White = 67%, Black = 47%.} 1-0

[Event "4NCL Div 1 2018-19"]
[Site "Daventry"]
[Date "2018.11.11"]
[Round "2"]
[White "Suarez Real, Alberto"]
[Black "Guichard, Pauline"]
[Result "1-0"]
[WhiteElo "2438"]
[BlackElo "2382"]
[Annotator "TA"]
[PlyCount "69"]
[EventDate "2018.11.10"]
[EventType "team-tourn"]
[EventCountry "GBR"]
[SourceTitle "playchess.com"]
[Source "ChessBase"]
[SourceQuality "1"]

{[%evp 20,69,10,-5,33,26,22,14,14,10,149,142,167,162,154,175,198,183,191,191,191,185,178,175,210,109,104,112,96,106,112,93,106,87,171,13,27,8,28,0,12,14,687,668,671,663,652,626,2793,2081,29989,29990]} 1. e4 {[%cal Be2e4,Be4e5][%mdl 32]} e5 2. Nf3 Nc6 3. d4 exd4 4. Nxd4 Nf6 5. Nxc6 bxc6 6. e5 Qe7 7. Qe2 Nd5 8. h4 d6 {C45: Scotch Game} (8... Qe6 9. g3 Nb4 10. c4 Ba6 11. Bf4 d5 12. a3 Bxc4 13. Qd1 Bxf1 14. Kxf1 Na6 15. Nc3 Nc5 16. b4 {1-0 (32) Tomczak,J (2614)-Kramnik,V (2779) Batumi 2018}) 9. c4 Nb6 10. exd6 cxd6 11. Be3 {LiveBook: 8 Games} Bf5 $146 ({Predecessor:} 11... d5 12. Nd2 dxc4 13. g3 Be6 14. Bg2 Qc7 15. O-O Be7 16. Bxb6 axb6 17. Nxc4 {½-½ (26) Van Foreest,J (2638)-Gledura,B (2615) Brest 2018}) 12. Nd2 {[%cal Bb1d2,Bd2f3,Bf3g5,Bg5e4][%mdl 32]} Qe6 13. Nf3 {Strongly threatening Nd4.} c5 14. Ng5 Qe5 (14... Qd7 $1 $11 {remains equal.}) 15. g4 $16 Bd7 16. Bg2 $36 {[%mdl 2048] White is really pushing.} Rb8 17. f4 Qe7 {And now ...Bxg4 would win.} 18. O-O-O {Threatens to win with Rhe1.} h6 19. Ne4 Qe6 20. b3 {Black must now prevent f5.} Be7 21. Qd3 {[%cal Re4d6]} O-O 22. f5 (22. g5 $1 $18) 22... Qe5 {[#]} 23. Qc3 $1 Qxc3+ 24. Nxc3 h5 25. gxh5 {[%cal Bg4h5,Bh5h6][%mdl 32]} Bxf5 26. h6 Rfe8 {[#]} (26... Bf6 $16 {keeps fighting.} 27. Rdf1 g6) 27. Bf4 $2 ({But not} 27. hxg7 $6 Bf6 $14) ({White should play} 27. Bc6 $1 $18) 27... Bf6 $11 28. Nd5 Bd4 (28... Nxc4 {seems wilder.} 29. Nxf6+ gxf6 30. Bf1 Re4 31. Rg1+ Kh8) 29. Bxd6 Nxd5 30. Bxd5 Re2 $2 {[%mdl 8192]} (30... Be3+ $11 31. Kb2 Rb6) 31. Rxd4 $18 cxd4 32. Bxb8 Rc2+ 33. Kd1 {Hoping for Rf1.} d3 {( -> ...Bg4+)} 34. Rg1 Bg6 35. Rxg6 {Precision: White = 46%, Black = 41%.} 1-0

[Event "4NCL Div 1 2018-19"]
[Site "Daventry"]
[Date "2018.11.11"]
[Round "2"]
[White "Hebden, Mark L"]
[Black "Lauterbach, Ingrid"]
[Result "1-0"]
[WhiteElo "2425"]
[BlackElo "2027"]
[Annotator "TA"]
[PlyCount "60"]
[EventDate "2018.11.10"]
[EventType "team-tourn"]
[EventCountry "GBR"]
[SourceTitle "playchess.com"]
[Source "ChessBase"]
[SourceQuality "1"]

{[%evp 12,60,29,20,87,66,77,77,77,77,71,75,84,85,104,91,114,103,142,156,134,140,147,141,180,152,148,146,237,249,236,203,258,252,248,245,268,229,234,245,243,236,231,233,239,231,426,421,391,402,501]} 1. d4 Nf6 2. Nf3 d5 3. c4 e6 4. Bg5 Bb4+ 5. Nc3 dxc4 6. e4 c5 7. Bxc4 {LiveBook: 966 Games. Hoping for e5.} Qa5 {D39: Queen's Gambit Declined: Ragozin Defence with 5 Bg5 dxc4} (7... cxd4 $11 8. a3 (8. Nxd4 O-O $14) (8. Qxd4 Qxd4 9. Nxd4 Nxe4 $17) 8... Bxc3+ 9. bxc3 Qa5) (7... cxd4 8. Nxd4 Bxc3+ 9. bxc3 Qa5 10. Bb5+ Nbd7 11. Bxf6 Qxc3+ 12. Kf1 gxf6 13. h4 Qb4 14. Rh3 a6 15. Be2 Ne5 16. Rb1 Qd6 17. Rc3 O-O 18. Qd2 Ng6 19. h5 Nf4 20. Qe3 e5 21. Nc2 {½-½ (33) Grischuk,A (2766)-Karjakin,S (2773) Saint Louis 2018}) 8. O-O $16 {[#] Threatens to win with e5.} cxd4 $1 9. Bxf6 $146 ({Predecessor:} 9. Qxd4 Nc6 10. Qe3 Bxc3 11. bxc3 Ng4 12. Qf4 Nge5 13. Nxe5 Nxe5 14. Bb3 h6 15. Bh4 {0-1 (37) Kuzner,C (1801)-Suta,A (2133) Maribor 2017}) 9... gxf6 {White is better.} 10. Qxd4 Bxc3 11. bxc3 Nd7 12. a4 {[%cal Ba2a4,Ba4a5][%mdl 32]} a6 13. Nd2 $36 {[%mdl 2048] White is really pushing.} Qd8 14. f4 Nb6 15. a5 Qxd4+ 16. cxd4 Nxc4 17. Nxc4 Rb8 18. Rfc1 Bd7 19. Nb6 Kd8 (19... Bb5 $16 20. Rc7 O-O) 20. Rc5 $18 Rg8 21. Kf2 Bc6 22. Re1 Re8 23. Rh5 Ke7 24. d5 ({Don't do} 24. Rxh7 Rh8 $16) 24... Bb5 25. Rxh7 Rh8 26. Rxh8 Rxh8 27. h3 Rh5 28. Rd1 exd5 $2 {[#]} (28... Rh8 {might work better.} 29. Kf3 Rh5) 29. Nxd5+ Kf8 30. Nxf6 Rh4 {Precision: White = 88%, Black = 38%.} 1-0

[Event "4NCL Div 1 2018-19"]
[Site "Daventry"]
[Date "2018.11.11"]
[Round "2"]
[White "Hunt, Adam C"]
[Black "Roberson, Peter T"]
[Result "1/2-1/2"]
[WhiteElo "2401"]
[BlackElo "2403"]
[Annotator "TA"]
[PlyCount "57"]
[EventDate "2018.11.10"]
[EventType "team-tourn"]
[EventCountry "GBR"]
[SourceTitle "playchess.com"]
[Source "ChessBase"]
[SourceQuality "1"]

{[%evp 22,57,0,-17,-11,-14,-17,-10,0,-1,0,0,0,-20,-10,-9,-19,0,-2,-37,-8,-26,-18,-18,-15,-23,0,0,0,0,0,0,0,0,0,0,0,0]} 1. e4 e6 2. d4 d5 3. Nc3 Bb4 4. e5 c5 {[%cal Bc7c5,Bc5d4][%mdl 32]} 5. a3 Ba5 6. b4 cxd4 7. Nb5 Bc7 8. f4 Bd7 9. Nf3 Bxb5 {C18: Französische Verteidigung (Nimzowitsch-Variante)} 10. Bxb5+ Nc6 11. Nxd4 (11. Bd3 Nge7 12. O-O Bb6 13. Kh1 Qd7 14. Rb1 Nf5 15. a4 a6 16. a5 Ba7 17. Bxf5 exf5 {1-0 (50) Nakamura,H (2787)-Akobian,V (2647) Saint Louis 2018}) 11... Nge7 12. O-O {LiveBook: 5 Partien} O-O {[#] ...Sxd4 ist eine echte Drohung.} 13. Nxc6 bxc6 14. Bd3 a5 15. Rb1 axb4 16. axb4 {[#]} g6 $146 ({Vorgänger:} 16... f6 17. exf6 Rxf6 {½-½ (33) Safarli,E (2626)-Kazhgaleyev,M (2596) Al Ain 2012}) 17. Bd2 Bb6+ 18. Kh1 c5 19. bxc5 Bxc5 20. Qg4 Nf5 21. Bxf5 exf5 22. Qf3 Qd7 23. Rfd1 Rfb8 24. Rxb8+ {Die Stellung ist ausgeglichen.} Rxb8 25. Be1 d4 26. Bf2 Qc7 27. c3 dxc3 28. Qxc3 Bb6 29. Qxc7 {Precision: Weiß = 64%, Schwarz = 59%.} 1/2-1/2

[Event "4NCL Div 1 2018-19"]
[Site "Daventry"]
[Date "2018.11.11"]
[Round "2"]
[White "Bulmaga, Irina"]
[Black "Pedersen, Carsten"]
[Result "1-0"]
[WhiteElo "2386"]
[BlackElo "2130"]
[Annotator "TA"]
[PlyCount "103"]
[EventDate "2018.11.10"]
[EventType "team-tourn"]
[EventCountry "GBR"]
[SourceTitle "playchess.com"]
[Source "ChessBase"]
[SourceQuality "1"]

{[%evp 23,102,27,45,25,35,31,40,22,23,17,27,0,0,0,0,0,12,13,27,0,17,0,6,0,0,0,0,0,0,-19,-15,-7,-12,-10,-25,-23,0,0,0,0,0,0,0,0,0,0,0,0,0,0,0,0,0,0,0,0,25,22,27,49,52,54,54,17,25,25,150,148,366,366,357,343,381,379,716,696,29994,29995,29996,29997,29999]} 1. e4 e6 2. d4 d5 3. Nc3 Nf6 4. Bg5 Be7 5. e5 Nfd7 6. Bxe7 Qxe7 7. f4 a6 8. Nf3 Nb6 {C14: French: Classical System: 4 Bg5 Be7 main line} (8... c5 9. Qd2 Nc6 10. dxc5 O-O 11. Bd3 Nxc5 12. O-O f5 13. exf6 Qxf6 14. g3 Bd7 15. Rae1 Rad8 16. Qf2 b6 17. Ng5 Nxd3 18. cxd3 {½-½ (117) Warakomski,T (2505)-Socko,B (2588) Poland 2018}) 9. Qd2 Bd7 10. Bd3 c5 11. dxc5 Qxc5 12. O-O-O Nc6 {LiveBook: 9 Games} 13. Rhe1 h6 14. Kb1 O-O-O 15. a3 $146 ({Predecessor:} 15. Ne2 Kb8 {1-0 (53) Budimir,D (2212)-Mraovic,S Belgrade 2008}) 15... Kb8 16. g4 Rc8 17. Qe2 Na5 18. Qe3 Qxe3 19. Rxe3 h5 20. g5 g6 21. Nd4 Rc7 22. Na2 Nc6 23. Nf3 Na7 24. Nd4 Nc6 25. Nf3 Na7 26. b3 Bb5 27. Bxb5 Nxb5 28. Kb2 $1 Rhc8 29. Rd2 {[#]} Rc4 $1 {[%mdl 512]} 30. a4 {[#]} (30. bxc4 Nxc4+) 30... Nxa4+ $1 {[%mdl 512]} 31. bxa4 Rxa4 32. Nc1 Rb4+ 33. Rb3 Rxf4 34. Ne2 Re4 35. Ned4 Nxd4 36. Rxd4 Rc4 37. Rbd3 b5 38. c3 Re2+ 39. Rd2 Re3 40. Rxc4 dxc4 $11 {[%mdl 4096] Endgame KRN-KR} 41. Nd4 Kc8 42. Rf2 Rxe5 43. h4 Re4 {Threatening ...e5.} 44. Rxf7 Rxh4 {[#]} (44... b4 $1 $11 {keeps the balance.}) 45. Ka3 $1 $16 e5 $2 {[#]} (45... a5 $16 {was worth a try.}) 46. Nc6 $1 $18 {Intending Kb4 and mate.} Rf4 47. Re7 {Threatening mate with Kb4.} a5 48. Nxa5 h4 $2 (48... Rf5 49. Kb4 e4) 49. Kb4 {White threatens Kc5 and mate.} h3 50. Kc5 {White mates.} h2 51. Kd6 {[%cal Re7e8]} h1=Q 52. Re8# {Precision: White = 69%, Black = 48%.} 1-0

[Event "4NCL Div 1 2018-19"]
[Site "Daventry"]
[Date "2018.11.11"]
[Round "2"]
[White "Rendle, Thomas E"]
[Black "Bates, Richard A"]
[Result "1/2-1/2"]
[WhiteElo "2373"]
[BlackElo "2378"]
[Annotator "TA"]
[PlyCount "55"]
[EventDate "2018.11.10"]
[EventType "team-tourn"]
[EventCountry "GBR"]
[SourceTitle "playchess.com"]
[Source "ChessBase"]
[SourceQuality "1"]

{[%evp 10,55,10,0,40,-2,27,24,30,21,31,-1,38,0,4,0,0,0,0,0,0,0,0,-43,-28,-39,-27,-34,0,0,0,0,38,45,73,35,33,13,15,11,29,-79,-37,-58,0,-23,-32,-32]} 1. e4 c5 2. Nf3 d6 3. Bb5+ Nd7 4. a4 {[%cal Ba2a4,Ba4a5][%mdl 32]} Ngf6 5. Nc3 a6 6. Be2 {LiveBook: 8 Games. B51: Sicilian: Moscow Variation (3 Bb5+) without 3...Bd7} (6. Bc4 b6 7. O-O Bb7 8. Re1 Qc8 9. d3 g6 10. Bg5 Bg7 11. Qd2 O-O 12. Bh6 Bc6 13. Nd5 {0-1 (55) Jones,G (2677)-Xiong,J (2651) chess.com INT 2018}) 6... e6 7. a5 Be7 8. O-O {White has an edge.} O-O 9. d3 d5 $146 ({Predecessor:} 9... Qc7 10. Bd2 b5 11. axb6 Nxb6 12. b3 {½-½ (64) Hebelka,M (2149)-Rachela,J (2130) Slovakia 2001}) 10. exd5 Nxd5 11. Nxd5 exd5 12. d4 c4 13. b3 cxb3 14. c4 dxc4 15. Bxc4 b5 16. Bd5 Ra7 17. Bxb3 Bb7 18. d5 Nf6 {[%cal Rb7d5]} 19. Qd4 Ra8 {[%cal Rb7d5]} 20. Rd1 {[#] d6 is the strong threat.} Ne8 21. Ne5 Bf6 22. Ra2 Nd6 23. Qf4 {next Nc6 is good for White.} Re8 24. Ng4 Bc3 25. Qf3 (25. Ba3 $11 Nc4 26. Bxc4 bxc4 27. d6 Qxa5 28. d7) 25... b4 ({Of course not} 25... Bxa5 $6 {[#]} 26. Nh6+ $1 {[%mdl 512]} Kh8 27. Nxf7+ Nxf7 28. Qxf7 $11) 26. Bf4 Nf5 (26... Nb5 $15 27. Bc4 Qc8) 27. Be3 Nxe3 28. Nxe3 {Precision: White = 34%, Black = 41%.} 1/2-1/2

[Event "4NCL Div 1 2018-19"]
[Site "Daventry"]
[Date "2018.11.11"]
[Round "2"]
[White "Milliet, Sophie"]
[Black "Abbas, Daniel"]
[Result "1-0"]
[WhiteElo "2371"]
[BlackElo "2281"]
[Annotator "NA"]
[PlyCount "39"]
[EventDate "2018.11.10"]
[EventType "team-tourn"]
[EventCountry "GBR"]
[SourceTitle "playchess.com"]
[Source "ChessBase"]
[SourceQuality "1"]
[TimeControl "40/6000+30:3000+30"]

1. e4 {[%emt 0:00:00]} c5 {[%emt 0:00:00]} 2. Nf3 {[%emt 0:00:00]} e6 {[%emt 0:00:00]} 3. b3 {[%emt 0:00:00]} a6 {[%emt 0:00:43]} 4. Bb2 {[%emt 0:00:05]} Nc6 {[%emt 0:00:07]} 5. c4 {[%emt 0:00:22]} Qc7 {[%emt 0:00:11]} 6. g3 {[%emt 0:00:13]} Nf6 {[%emt 0:03:08]} 7. e5 {[%emt 0:00:09]} Ng4 {[%emt 0:01:51]} 8. Qe2 {[%emt 0:00:07]} Be7 {[%emt 0:01:44]} 9. Bh3 {[%emt 0:00:36]} Nh6 {[%emt 0:12:45]} 10. Nc3 {[%emt 0:05:34]} O-O {[%emt 0:12:02]} 11. Ne4 {[%emt 0:00:33]} Kh8 {[%emt 0:13:37]} 12. O-O {[%emt 0:18:08]} b5 {[%emt 0:08:08]} 13. Qe3 {[%emt 0:22:27]} bxc4 {[%emt 0:08:11]} 14. bxc4 {[%emt 0:00:19]} Nb4 {[%emt 0:02:12]} 15. Nf6 {[%emt 0:04:34]} Bb7 {[%emt 0:07:43]} 16. a3 {[%emt 0:04:58]} Qc6 {[%emt 0:01:41]} 17. Bg2 {[%emt 0:08:42]} Nf5 {[%emt 0:09:22]} 18. Qb3 {[%emt 0:02:57]} Nd4 {[%emt 0:02:44]} 19. Bxd4 {[%emt 0:00:00]} cxd4 {[%emt 0:00:05]} 20. Nh5 {[%emt 0:03:00]} 1-0